000 00599nam a2200229Ia 4500
003 OSt
005 20220924140201.0
006 a|||||r|||| 00| 0
007 ta
008 220923b |||||||| |||| 00| 0 ben d
024 _a293944
037 _cTextual
040 _aARTS
_cARTS
_bben
041 _2ben
_aben
082 _aO157,2M61or121,2MWA, M3
100 _aRoy V.
_9187929
245 0 _aWagner o rabindranather gitinatya
260 _c1983
650 _aBENGALI LITERATURE
942 _hO157,2M61or121,2MWA, M3
_cTEXL
_2CC
999 _c443205
_d443205